Elementary linear algebra with supplemental applications / (Record no. 130848)

MARC details
000 -LEADER
fixed length control field 00700nam a2200241 a 4500
008 - FIXED-LENGTH DATA ELEMENTS--GENERAL INFORMATION
fixed length control field
020 ## - INTERNATIONAL STANDARD BOOK NUMBER
International Standard Book Number 9781118677452 (pbk.)
049 ## - LOCAL HOLDINGS (OCLC)
Holding library MAIN
090 ## - LOCALLY ASSIGNED LC-TYPE CALL NUMBER (OCLC); LOCAL CALL NUMBER (RLIN)
Classification number (OCLC) (R) ; Classification number, CALL (RLIN) (NR) QA184
Local cutter number (OCLC) ; Book number/undivided call number, CALL (RLIN) ANT
003 - CONTROL NUMBER IDENTIFIER
control field
005 - DATE AND TIME OF LATEST TRANSACTION
control field 20230123122256.0
040 ## - CATALOGING SOURCE
Transcribing agency NUST
100 1# - MAIN ENTRY--PERSONAL NAME
Personal name Anton, Howard
245 10 - TITLE STATEMENT
Title Elementary linear algebra with supplemental applications /
Statement of responsibility, etc. Howard Anton, Chris Rorres
250 ## - EDITION STATEMENT
Edition statement 11th ed.
260 ## - PUBLICATION, DISTRIBUTION, ETC.
Place of publication, distribution, etc. Singapore :
Name of publisher, distributor, etc. John Wiley & Sons,
Date of publication, distribution, etc. c2015.
300 ## - PHYSICAL DESCRIPTION
Extent xiii, 768 p. :
Other physical details ill. ;
Dimensions 24 cm.
500 ## - GENERAL NOTE
General note Includes index.
650 #0 - SUBJECT ADDED ENTRY--TOPICAL TERM
Topical term or geographic name entry element Algebras, Linear.
700 1# - ADDED ENTRY--PERSONAL NAME
Personal name Rorres, Chris.
907 ## - LOCAL DATA ELEMENT G, LDG (RLIN)
a .b1038277x
b 19-09-17
c 19-09-17
942 ## - ADDED ENTRY ELEMENTS (KOHA)
Koha item type Ordinary Loan Books
Call number prefix QA184
Call number suffix ANT
Holdings
Date last seen Total Checkouts Full call number Barcode Cost, replacement price Price effective from Koha item type Lost status Source of classification or shelving scheme Damaged status Not for loan Collection Withdrawn status Home library Current library Shelving location Date acquired Cost, normal purchase price
01/23/2023 21 QA184 ANT 92004042888 80.00 01/23/2023 BOOKS   LCC     NFIC   MAIN MAIN GEN 01/23/2023 80.00